000
00261nam a22001097a 4500
082
_a
500
100
_a
Mukherji, Siddharth
_9
39156
245
_a
Encyclopedia of General Science
260
_a
Meerut
_b
Arihant Pub
_c
2020
650
_a
Science
_9
79908
942
_c
BK
999
_c
63449
_d
63449